00358nam a2200133Ia 4500008004100000100003300041245003600074250001200110260004800122300000800170650002400178942000700202999001500209190216s9999||||xx |||||||||||||| ||und|| aJanardhan. Pb And Sivasankar 0aTextbook Of Inorganic Chemistry a1st Ed. bOxford And Ibh Publishing Co. Pvt Ltdc1978 a809 aChemistry-Chemistry cBK c2367d2367